Fiškálna decentralizácia a jej dopad na miestne rozpočty

Fiškálna decentralizácia, charakteristika. Etapy fiškálnej decentralizácie v Slovenskej republike. Ciele fiškálnej decentralizácie. Finančná autonómia. Vývoj finančnej autonómie miest a obcí Slovenska v rokoch 2000-2009.

Enregistré dans:
Détails bibliographiques
Auteur principal: Mura, Ladislav
Autres auteurs: Herzánová, Radmila
Format: Chapitre de livre
Langue:slovaque
Sujets:
Tags: Ajouter un tag
Pas de tags, Soyez le premier à ajouter un tag!

MARC

LEADER 00000naa a2200000 4500
001 0144913
005 20230918072609.8
041 0 |a slo 
044 |a SK 
245 1 0 |a Fiškálna decentralizácia a jej dopad na miestne rozpočty  |c Ladislav Mura, Radmila Herzánová 
520 |a Fiškálna decentralizácia, charakteristika. Etapy fiškálnej decentralizácie v Slovenskej republike. Ciele fiškálnej decentralizácie. Finančná autonómia. Vývoj finančnej autonómie miest a obcí Slovenska v rokoch 2000-2009. 
610 2 0 |a decentralizácia fiškálna 
610 2 0 |a mestá 
610 2 0 |a obce 
610 2 0 |a rozpočet miestny 
610 2 0 |a autonómia 
610 2 0 |a Slovensko 
100 1 |a Mura, Ladislav 
700 1 |a Herzánová, Radmila